[Event "2nd Goa GM Open 2019"]
[Site "Goa"]
[Date "2019.06.20"]
[Round "4.30"]
[White "Srihari L R"]
[Black "Himanshu, Sharma"]
[Result "1/2-1/2"]
[WhiteElo "2214"]
[BlackElo "2446"]
[Annotator "NA"]
[PlyCount "179"]
[EventDate "2019.06.17"]
[EventType "swiss"]
[EventCountry "IND"]
[SourceTitle "playchess.com"]
[Source "ChessBase"]
[SourceQuality "1"]
[TimeControl "5400+30"]

1. d4 {[%emt 0:00:00]} d5 {[%emt 0:00:00]} 2. c4 {[%emt 0:00:00]} c6 {[%emt 0:00:00]} 3. Nf3 {[%emt 0:00:00]} Nf6 {[%emt 0:00:00]} 4. Qc2 {[%emt 0:00:00]} g6 {[%emt 0:03:10]} 5. Bf4 {[%emt 0:00:05]} Bg7 {[%emt 0:01:08]} 6. e3 {[%emt 0:00:23]} Bf5 {[%emt 0:03:51]} 7. Qb3 {[%emt 0:00:22]} Qb6 {[%emt 0:01:29]} 8. Nc3 {[%emt 0:06:31]} O-O {[%emt 0:02:39]} 9. Be2 {[%emt 0:07:09]} Nbd7 {[%emt 0:03:07]} 10. h3 {[%emt 0:00:49]} h6 {[%emt 0:01:59]} 11. Nd2 {[%emt 0:09:08]} Rfe8 {[%emt 0:09:05]} 12. g4 {[%emt 0:02:29]} Be6 {[%emt 0:00:05]} 13. Qc2 {[%emt 0:07:41]} a5 {[%emt 0:14:25]} 14. O-O-O {[%emt 0:07:02]} Qa7 {[%emt 0:08:59]} 15. e4 {[%emt 0:06:31]} dxc4 {[%emt 0:02:09]} 16. Be3 {[%emt 0:00:39]} Nd5 {[%emt 0:10:24]} 17. exd5 {[%emt 0:00:51]} Bxd5 {[%emt 0:01:08]} 18. Nxc4 {[%emt 0:29:48]} Bxh1 {[%emt 0:00:56]} 19. d5 {[%emt 0:03:10]} Qb8 {[%emt 0:01:08]} 20. Rxh1 {[%emt 0:00:42]} cxd5 {[%emt 0:00:39]} 21. Nxd5 {[%emt 0:00:51]} b5 {[%emt 0:00:23]} 22. Ncb6 {[%emt 0:01:08]} Nxb6 {[%emt 0:06:54]} 23. Nxb6 {[%emt 0:00:11]} Qb7 {[%emt 0:07:43]} 24. Rd1 {[%emt 0:00:41]} Rac8 {[%emt 0:00:17]} 25. Nxc8 {[%emt 0:00:09]} Rxc8 {[%emt 0:00:04]} 26. Bc5 {[%emt 0:00:07]} e6 {[%emt 0:01:40]} 27. Rd3 {[%emt 0:02:40]} b4 {[%emt 0:07:43]} 28. Rd6 {[%emt 0:02:43]} Bf8 {[%emt 0:02:19]} 29. Ba6 {[%emt 0:00:28]} Bxd6 {[%emt 0:00:17]} 30. Bxb7 {[%emt 0:00:11]} Rxc5 {[%emt 0:00:02]} 31. Kd1 {[%emt 0:00:54]} Rxc2 {[%emt 0:00:05]} 32. Kxc2 {[%emt 0:00:05]} Kg7 {[%emt 0:00:44]} 33. Kd3 {[%emt 0:00:45]} Kf6 {[%emt 0:00:37]} 34. Ke4 {[%emt 0:00:33]} Kg5 {[%emt 0:00:25]} 35. Kf3 {[%emt 0:00:09]} Be5 {[%emt 0:00:36]} 36. b3 {[%emt 0:00:09]} h5 {[%emt 0:01:02]} 37. Bc6 {[%emt 0:02:29]} h4 {[%emt 0:00:36]} 38. Be8 {[%emt 0:01:11]} f5 {[%emt 0:00:50]} 39. gxf5 {[%emt 0:00:10]} gxf5 {[%emt 0:01:00]} 40. Bd7 {[%emt 0:00:36]} Kf6 {[%emt 0:00:06]} 41. Ke3 {[%emt 0:01:05]} Bc7 {[%emt 0:00:16]} 42. f4 {[%emt 0:00:30]} Bb6+ {[%emt 0:00:17]} 43. Kf3 {[%emt 0:00:06]} Ke7 {[%emt 0:00:07]} 44. Bb5 {[%emt 0:00:11]} Kd6 {[%emt 0:00:21]} 45. Bc4 {[%emt 0:02:16]} e5 {[%emt 0:00:18]} 46. fxe5+ {[%emt 0:00:07]} Kxe5 {[%emt 0:00:04]} 47. Bb5 {[%emt 0:00:08]} Bd8 {[%emt 0:00:13]} 48. Bd7 {[%emt 0:00:33]} Bg5 {[%emt 0:00:44]} 49. Bc8 {[%emt 0:00:22]} Bd2 {[%emt 0:00:02]} 50. Ke2 {[%emt 0:00:38]} Bf4 {[%emt 0:00:34]} 51. Kf3 {[%emt 0:00:09]} Bg3 {[%emt 0:00:05]} 52. Bd7 {[%emt 0:00:04]} f4 {[%emt 0:00:16]} 53. Be8 {[%emt 0:00:51]} Kd4 {[%emt 0:00:03]} 54. Bc6 {[%emt 0:00:13]} Kc3 {[%emt 0:00:04]} 55. Ke2 {[%emt 0:00:27]} Bh2 {[%emt 0:00:46]} 56. Bd5 {[%emt 0:01:22]} Kb2 {[%emt 0:01:26]} 57. Bc6 {[%emt 0:00:51]} Kxa2 {[%emt 0:00:10]} 58. Ba4 {[%emt 0:00:06]} Kb2 {[%emt 0:00:06]} 59. Kf3 {[%emt 0:00:07]} Kc2 {[%emt 0:00:18]} 60. Ke2 {[%emt 0:00:06]} Bg3 {[%emt 0:00:09]} 61. Kf3 {[%emt 0:00:17]} Kd3 {[%emt 0:02:29]} 62. Bd7 {[%emt 0:01:43]} Kc3 {[%emt 0:00:02]} 63. Ba4 {[%emt 0:00:06]} Kd2 {[%emt 0:00:03]} 64. Bd7 {[%emt 0:00:30]} Ke1 {[%emt 0:00:22]} 65. Bb5 {[%emt 0:00:04]} Bh2 {[%emt 0:00:08]} 66. Kg2 {[%emt 0:00:41]} Bg3 {[%emt 0:00:25]} 67. Kf3 {[%emt 0:00:06]} Kd2 {[%emt 0:00:17]} 68. Bd7 {[%emt 0:00:10]} Kd3 {[%emt 0:00:07]} 69. Bc6 {[%emt 0:00:20]} Kd4 {[%emt 0:00:02]} 70. Bd7 {[%emt 0:00:22]} Ke5 {[%emt 0:00:03]} 71. Bc6 {[%emt 0:00:11]} Be1 {[%emt 0:00:07]} 72. Ke2 {[%emt 0:00:50]} Bc3 {[%emt 0:00:23]} 73. Kf3 {[%emt 0:00:24]} Bd4 {[%emt 0:01:25]} 74. Be8 {[%emt 0:00:18]} Bb6 {[%emt 0:00:11]} 75. Bc6 {[%emt 0:00:08]} Bd8 {[%emt 0:00:20]} 76. Be8 {[%emt 0:00:19]} Bg5 {[%emt 0:00:26]} 77. Bc6 {[%emt 0:00:06]} Kd4 {[%emt 0:00:09]} 78. Bd7 {[%emt 0:00:46]} Kc3 {[%emt 0:00:32]} 79. Ba4 {[%emt 0:00:07]} Kd2 {[%emt 0:00:28]} 80. Kf2 {[%emt 0:00:21]} Bd8 {[%emt 0:00:30]} 81. Kf3 {[%emt 0:00:08]} Bc7 {[%emt 0:00:09]} 82. Kf2 {[%emt 0:00:06]} Bb6+ {[%emt 0:00:44]} 83. Kf3 {[%emt 0:00:03]} Be3 {[%emt 0:00:20]} 84. Bd7 {[%emt 0:00:16]} Ke1 {[%emt 0:00:15]} 85. Bb5 {[%emt 0:00:11]} Bd2 {[%emt 0:00:34]} 86. Kg2 {[%emt 0:00:49]} Bc3 {[%emt 0:00:39]} 87. Kf3 {[%emt 0:00:11]} Be5 {[%emt 0:00:03]} 88. Kg2 {[%emt 0:00:25]} Bf6 {[%emt 0:02:26]} 89. Kf3 {[%emt 0:00:07]} Bg5 {[%emt 0:00:04]} 90. Ke4 1/2-1/2

[Event "2nd Goa GM Open 2019"]
[Site "Goa"]
[Date "2019.06.21"]
[Round "5.1"]
[White "Kostenko, Petr"]
[Black "Ter-Sahakyan, Samvel"]
[Result "1/2-1/2"]
[WhiteElo "2473"]
[BlackElo "2611"]
[Annotator "TA"]
[PlyCount "96"]
[EventDate "2019.06.17"]
[EventType "swiss"]
[EventCountry "IND"]
[SourceTitle "playchess.com"]
[Source "ChessBase"]
[SourceQuality "1"]

{[%evp 9,96,7,10,30,12,8,24,6,17,0,0,-7,14,0,19,15,16,14,50,29,30,25,39,38,23,15,17,0,0,-50,0,-69,0,0,0,0,14,12,19,20,16,20,22,14,12,16,13,0,0,0,0,0,0,0,0,0,0,0,0,0,0,0,0,0,0,0,0,0,0,0,0,0,0,0,0,0,0,0,0,0,0,0,0,0,0,0,0,0,0]} 1. e4 c5 2. Nc3 d6 3. d4 cxd4 4. Qxd4 Nc6 5. Qd2 g6 6. b3 {B23: Closed Sicilian: Lines without g3} Bh6 7. f4 f5 8. Bb2 {White has an edge.} Nf6 9. O-O-O fxe4 10. Kb1 Be6 $146 ({Predecessor:} 10... Qa5 11. Bc4 {0-1 (83) Andreikin,D (2719)-Firouzja,A (2607) St Petersburg 2018}) 11. h3 Qa5 12. g4 {Hoping for g5.} Bg7 $1 {[#]} 13. Nxe4 $1 {[%mdl 512]} Qxd2 (13... Nxe4 14. Qxa5) 14. Nxd2 O-O 15. Re1 Bf7 16. Ne2 a5 17. a4 Rac8 18. c4 Nd7 19. Bg2 Nc5 {next ...Bxb2 is good for Black.} 20. Nc1 (20. Bxg7 $11 Kxg7 21. Rhf1) 20... Rc7 (20... Bxb2 $1 $15 21. Kxb2 d5 22. cxd5 Nb4 23. Rxe7 Bxd5 24. Bxd5+ Nxd5) 21. Ne4 {The position is equal.} Nxe4 22. Bxe4 Nb4 23. Na2 Bxb2 24. Kxb2 Nxa2 25. Kxa2 Kg7 26. Kb2 Be8 27. Rhf1 Bc6 28. f5 Bxe4 29. Rxe4 $11 {[%mdl 4096] Endgame KRR-KRR} Rf6 30. Kc3 gxf5 31. Rxf5 Rxf5 32. gxf5 {KR-KR} Kf6 33. Rh4 Rc5 34. Rxh7 Rxf5 35. h4 Ke6 36. h5 Rf3+ 37. Kc2 Rf2+ 38. Kc3 Rf3+ 39. Kc2 Rh3 40. h6 b6 41. Kb2 Rh2+ 42. Kc3 Rh3+ 43. Kc2 Kf6 44. Kb2 Rh2+ 45. Kc3 Rh3+ 46. Kc2 Ke6 47. Kb2 Kf6 48. Kc2 Rh2+ {Accuracy: White = 70%, Black = 67%.} 1/2-1/2

[Event "2nd Goa GM Open 2019"]
[Site "Goa"]
[Date "2019.06.21"]
[Round "5.2"]
[White "Neverov, Valeriy"]
[Black "Petrosyan, Manuel"]
[Result "0-1"]
[WhiteElo "2470"]
[BlackElo "2573"]
[Annotator "TA"]
[PlyCount "70"]
[EventDate "2019.06.17"]
[EventType "swiss"]
[EventCountry "IND"]
[SourceTitle "playchess.com"]
[Source "ChessBase"]
[SourceQuality "1"]

{[%evp 16,70,12,18,25,39,39,29,50,42,52,46,51,40,53,55,52,49,76,69,85,81,70,66,70,59,83,73,93,58,118,15,15,0,0,0,0,0,0,0,0,0,16,-22,18,19,20,-69,-69,-68,-66,-610,-603,-1031,-1023,-932,-932]} 1. d4 Nf6 2. Nf3 e6 3. c4 b6 4. Nc3 Bb4 5. Bd2 Bb7 6. e3 O-O 7. Rc1 d6 8. Be2 Nbd7 9. O-O e5 $146 {E21: Nimzo-Indian: 4 Nf3} ({Predecessor:} 9... Bxc3 10. Bxc3 Ne4 11. Be1 f5 12. d5 e5 13. Nd2 Qg5 14. Qc2 Ndf6 15. Bf3 Nxd2 16. Bxd2 e4 17. Be2 Nd7 18. f4 exf3 19. Bxf3 Ne5 {0-1 (28) Masiko,E (1679)-Kafuko,P (1947) Kireka 2017}) 10. a3 Bxc3 11. Bxc3 {[%cal Rd4e5]} Qe7 {White has an edge.} 12. b4 Rfd8 13. Qc2 Ne4 14. Bb2 Ng5 15. Nxg5 Qxg5 {[%csl Gb7][%cal Rg5g2]} 16. d5 a5 17. Bd3 h6 18. f4 Qe7 19. Bh7+ Kh8 20. Bf5 axb4 21. axb4 Nf6 22. e4 c5 (22... Bc8 $14) 23. dxc6 (23. fxe5 $16 dxe5 24. Qc3) 23... Bxc6 $11 24. c5 dxc5 25. Bxe5 {[%cal Rb4c5]} Bb5 26. Rf3 {[%cal Rb4c5]} cxb4 27. Qb2 Ne8 28. Bd4 Qd6 29. Rd1 {And now Bxg7+! would win.} f6 30. e5 Qd5 31. Qxb4 ({Better is} 31. Bb1 $11) 31... Be2 $1 $36 {[%csl LRd1,LRf3][%cal Re2d1][%mdl 2048] Black has some pressure.} 32. Rh3 Nd6 $1 {[%cal Rd6f5][%mdl 64] [#] Pin} 33. Bd3 $2 {[%mdl 8192]} (33. exd6 $15 Bxd1 34. Be4 Qxd6 35. Qxd6 Rxd6 36. Bc5 bxc5 37. Bxa8) 33... Bxd1 $19 {Black is clearly winning.} 34. exf6 Ra4 (34... Ra2 $2 {[#]} 35. Rxh6+ $1 {[%mdl 512]} Kg8 36. Bh7+ Kf7 37. Rg6 $19) 35. fxg7+ Kg8 {Accuracy: White = 46%, Black = 50%.} 0-1

[Event "2nd Goa GM Open 2019"]
[Site "Goa"]
[Date "2019.06.21"]
[Round "5.3"]
[White "Nguyen, Van Huy"]
[Black "Jojua, Davit"]
[Result "1/2-1/2"]
[WhiteElo "2456"]
[BlackElo "2580"]
[Annotator "TA"]
[PlyCount "60"]
[EventDate "2019.06.17"]
[EventType "swiss"]
[EventCountry "IND"]
[SourceTitle "playchess.com"]
[Source "ChessBase"]
[SourceQuality "1"]

{[%evp 23,60,56,39,39,49,49,51,46,54,47,26,39,48,48,49,27,14,0,0,0,0,0,0,0,0,0,0,0,0,0,0,0,0,0,0,0,0,0,0]} 1. d4 g6 2. c4 Bg7 3. Nc3 Nf6 4. e4 d6 5. Nf3 O-O 6. Be2 e5 7. Be3 Ng4 8. Bg5 f6 9. Bh4 Nc6 10. d5 Ne7 11. Nd2 f5 12. Bxg4 fxg4 13. Bg5 {E92: King's Indian: Classical: 6 Be2 e5: 7 dxe5, 7 Be3 and Petrosian System without 7...Nbd7} h6 ({Predecessor:} 13... c5 14. Rb1 h6 15. Be3 g5 16. b4 b6 17. bxc5 bxc5 18. Qa4 Ng6 {½-½ (29) El Debs,F (2522)-Van Kampen,R (2638) Tromsoe 2014}) 14. Be3 $1 c5 {[#]} 15. O-O $146 {White is slightly better.} (15. dxc6 bxc6 16. b4 d5 17. exd5 cxd5 18. Bc5 e4 19. Bxe7 Qxe7 20. Nxd5 Qf7 {1-0 (52) Caruana,F (2783)-Radjabov,T (2713) Shamkir 2014}) 15... g5 16. Rb1 Ng6 {[%cal Be7g6,Bg6f4,Bf4g2][%mdl 32]} 17. b4 b6 18. bxc5 bxc5 19. Qa4 Nf4 20. Rb3 {The position is equal.} h5 21. Rfb1 h4 22. Rb8 Rxb8 23. Rxb8 h3 24. g3 {Nb5 is the strong threat.} Ng2 $1 25. Rb1 Qf6 26. Rf1 Qe7 27. Qa5 Rf7 28. Qa4 Rf8 29. Qa5 Rf7 30. Qa4 Rf8 {Accuracy: White = 82%, Black = 88%.} 1/2-1/2

[Event "2nd Goa GM Open 2019"]
[Site "Goa"]
[Date "2019.06.21"]
[Round "5.4"]
[White "Deepan Chakkravarthy J."]
[Black "Iniyan, P."]
[Result "1/2-1/2"]
[WhiteElo "2557"]
[BlackElo "2525"]
[Annotator "ChessBase"]
[PlyCount "72"]
[EventDate "2019.06.17"]
[EventType "swiss"]
[EventCountry "IND"]
[SourceTitle "playchess.com"]
[Source "ChessBase"]
[SourceQuality "1"]
[TimeControl "5400+30"]

1. e4 {[%emt 0:00:00]} c5 {[%emt 0:00:02]} 2. Nf3 {[%emt 0:00:00]} d6 {[%emt 0:00:08]} 3. d4 {[%emt 0:00:00]} cxd4 {[%emt 0:00:05]} 4. Nxd4 {[%emt 0:00:00]} Nf6 {[%emt 0:00:09]} 5. Nc3 {[%emt 0:00:00]} a6 {[%emt 0:00:08]} 6. Bd3 {[%emt 0:00:46]} e6 {[%emt 0:01:05]} 7. g4 {[%emt 0:01:27]} b5 {[%emt 0:02:30]} 8. g5 {[%emt 0:02:27]} Nfd7 {[%emt 0:00:03]} 9. h4 {[%emt 0:01:27]} Bb7 {[%emt 0:00:08]} 10. a3 {[%emt 0:01:34]} Nb6 {[%emt 0:03:39]} 11. Nb3 {[%emt 0:19:59]} Nc6 {[%emt 0:01:09]} 12. f4 {[%emt 0:05:55]} d5 {[%emt 0:03:03]} 13. Qe2 {[%emt 0:00:39]} b4 {[%emt 0:04:46]} 14. axb4 {[%emt 0:06:20]} Nxb4 {[%emt 0:00:09]} 15. Be3 {[%emt 0:08:56]} Rc8 {[%emt 0:02:57]} 16. O-O-O {[%emt 0:01:02]} Rxc3 {[%emt 0:14:58]} 17. bxc3 {[%emt 0:00:49]} Na2+ {[%emt 0:02:28]} 18. Kd2 {[%emt 0:09:48]} dxe4 {[%emt 0:00:12]} 19. Bxb6 {[%emt 0:03:09]} Qxb6 {[%emt 0:00:05]} 20. Bxe4 {[%emt 0:02:32]} Bb4 {[%emt 0:06:30]} 21. Bxb7 {[%emt 0:05:43]} Bxc3+ {[%emt 0:07:11]} 22. Kd3 {[%emt 0:00:01]} Qxb7 {[%emt 0:00:47]} 23. Qe4 {[%emt 0:00:53]} Nb4+ {[%emt 0:02:36]} 24. Ke3 {[%emt 0:00:29]} Qb6+ {[%emt 0:04:12]} 25. Kf3 {[%emt 0:01:00]} O-O {[%emt 0:00:08]} 26. h5 {[%emt 0:05:22]} Nd5 {[%emt 0:03:09]} 27. Nd4 {[%emt 0:07:03]} Bxd4 {[%emt 0:06:48]} 28. Qxd4 {[%emt 0:00:43]} Qc6 {[%emt 0:00:59]} 29. h6 {[%emt 0:01:37]} Nc3+ {[%emt 0:01:29]} 30. Kg4 {[%emt 0:02:20]} e5 {[%emt 0:00:27]} 31. Qxe5 {[%emt 0:01:09]} f6 {[%emt 0:00:23]} 32. Qe7 {[%emt 0:09:33]} Qg2+ {[%emt 0:00:22]} 33. Kh4 {[%emt 0:00:02]} Qf2+ {[%emt 0:02:00]} 34. Kg4 {[%emt 0:00:05]} f5+ {[%emt 0:02:38]} 35. Kh3 {[%emt 0:00:07]} Qf3+ {[%emt 0:00:03]} 36. Kh2 {[%emt 0:00:02]} Qf2+ {[%emt 0:00:06]} 1/2-1/2

[Event "2nd Goa GM Open 2019"]
[Site "Goa"]
[Date "2019.06.21"]
[Round "5.5"]
[White "Malakhatko, Vadim"]
[Black "Viani Antonio Dcunha"]
[Result "1/2-1/2"]
[WhiteElo "2505"]
[BlackElo "2362"]
[Annotator "ChessBase"]
[PlyCount "61"]
[EventDate "2019.06.17"]
[EventType "swiss"]
[EventCountry "IND"]
[SourceTitle "playchess.com"]
[Source "ChessBase"]
[SourceQuality "1"]
[TimeControl "5400+30"]

1. d4 {[%emt 0:00:00]} Nf6 {[%emt 0:00:27]} 2. c4 {[%emt 0:00:00]} g6 {[%emt 0:00:08]} 3. Nc3 {[%emt 0:00:00]} Bg7 {[%emt 0:00:13]} 4. e4 {[%emt 0:00:00]} d6 {[%emt 0:00:11]} 5. Nf3 {[%emt 0:00:04]} O-O {[%emt 0:00:20]} 6. Be2 {[%emt 0:00:11]} e5 {[%emt 0:00:31]} 7. O-O {[%emt 0:00:08]} Nc6 {[%emt 0:00:14]} 8. d5 {[%emt 0:00:07]} Ne7 {[%emt 0:00:09]} 9. a4 {[%emt 0:00:05]} a5 {[%emt 0:00:44]} 10. Ne1 {[%emt 0:04:48]} Nd7 {[%emt 0:01:45]} 11. Nd3 {[%emt 0:01:55]} f5 {[%emt 0:01:07]} 12. f3 {[%emt 0:00:07]} Kh8 {[%emt 0:01:04]} 13. Nb5 {[%emt 0:15:43]} Nf6 {[%emt 0:09:49]} 14. Nf2 {[%emt 0:01:13]} Ne8 {[%emt 0:10:14]} 15. b3 {[%emt 0:10:08]} c5 {[%emt 0:09:29]} 16. exf5 {[%emt 0:08:49]} gxf5 {[%emt 0:10:24]} 17. f4 {[%emt 0:00:09]} Ng6 {[%emt 0:02:43]} 18. Ra2 {[%emt 0:01:23]} Nc7 {[%emt 0:07:58]} 19. Nxc7 {[%emt 0:01:28]} Qxc7 {[%emt 0:00:10]} 20. Bh5 {[%emt 0:00:56]} e4 {[%emt 0:09:25]} 21. Bxg6 {[%emt 0:08:27]} hxg6 {[%emt 0:00:11]} 22. Bb2 {[%emt 0:00:04]} Bxb2 {[%emt 0:03:02]} 23. Rxb2 {[%emt 0:00:03]} Qg7 {[%emt 0:00:15]} 24. Re2 {[%emt 0:00:23]} Bd7 {[%emt 0:01:56]} 25. Re3 {[%emt 0:10:58]} Qd4 {[%emt 0:02:50]} 26. Qc1 {[%emt 0:01:21]} Kg7 {[%emt 0:01:09]} 27. Rd1 {[%emt 0:00:44]} Qf6 {[%emt 0:00:07]} 28. Nh3 {[%emt 0:01:00]} Rh8 {[%emt 0:03:50]} 29. Ng5 {[%emt 0:00:25]} Rh4 {[%emt 0:01:30]} 30. g3 {[%emt 0:09:23]} Rh5 {[%emt 0:02:01]} 31. Qa1 {[%emt 0:08:16]} 1/2-1/2

[Event "2nd Goa GM Open 2019"]
[Site "Goa"]
[Date "2019.06.21"]
[Round "5.6"]
[White "Mitrabha, Guha"]
[Black "Iturrizaga Bonelli, Eduardo"]
[Result "1/2-1/2"]
[WhiteElo "2341"]
[BlackElo "2637"]
[Annotator "TA"]
[PlyCount "89"]
[EventDate "2019.06.17"]
[EventType "swiss"]
[EventCountry "IND"]
[SourceTitle "playchess.com"]
[Source "ChessBase"]
[SourceQuality "1"]

{[%evp 12,89,40,33,55,6,0,-11,-6,-10,79,90,87,67,93,91,90,101,91,81,108,101,101,111,103,102,110,109,140,142,155,84,76,85,97,106,105,83,91,85,102,100,110,108,110,111,116,117,110,115,119,132,120,124,114,115,106,21,33,0,0,0,0,0,0,0,0,0,0,0,0,0,0,0,0,0,0,0,0,0]} 1. d4 Nf6 2. Nf3 e6 3. c4 b6 4. a3 Ba6 5. Qb3 Bb7 6. Nc3 g6 7. Qc2 c5 {E12: Queen's Indian: Unusual White 4th moves, 4 a3, 4 Nc3 Bb7 5 a3 and 4 Nc3 Bb7} (7... Bg7 8. e4 O-O 9. Be2 d5 10. cxd5 exd5 11. e5 Ne4 12. Be3 Nd7 13. Rd1 c5 14. dxc5 Nxc3 15. Qxc3 bxc5 16. Bxc5 Rc8 {0-1 (55) Dreev,A (2670)-Mamedyarov,S (2817) chess.com INT 2019}) 8. d5 exd5 9. cxd5 Nxd5 10. Bg5 f6 (10... Be7 $11 {remains equal.}) 11. Qe4+ $16 {[%mdl 64] Double Attack} Qe7 12. Nxd5 Qxe4 13. Nxf6+ {[%mdl 64] Double Attack} Kf7 14. Nxe4 Bxe4 15. O-O-O $36 {[%mdl 2048] Black is under strong pressure.} Bg7 $146 ({Predecessor:} 15... Be7 16. Bf4 Bf5 17. g4 Be6 18. Ne5+ {1-0 (17) Timoshenko,G (2576)-Martinovic,S (2445) Seefeld 1999}) 16. Bf4 {aiming for Ng5+.} h6 17. e3 d5 18. Nd2 Bf5 {[#]} 19. e4 $1 {[%cal Re4f5][%mdl 512]} Be6 (19... dxe4 20. Bc4+) 20. exd5 Bxd5 21. Bc4 (21. Nf3 $142 Be6 22. Rd6) 21... Bxc4 22. Nxc4 Bd4 23. Be5 Rd8 24. Bxd4 cxd4 25. Ne5+ Kf6 26. Rhe1 Na6 27. Rd3 Rac8+ 28. Kd2 Rc7 29. h4 Nc5 {[#]} 30. Rg3 $1 {Hoping for b4.} g5 31. b4 Ne6 32. hxg5+ hxg5 33. Rf3+ Kg7 {[#]} 34. Nd3 (34. Ng4 $1 $16 Nf4 35. Re5) 34... Rd6 $11 35. Rh1 Rc3 {The position is equal.} 36. Rfh3 Rxa3 37. Rh7+ Kg8 38. Rh8+ Kg7 39. R1h7+ Kf6 40. Rh6+ Kg7 {Strongly threatening ...Rxd3+!} 41. R8h7+ Kg8 42. Ne5 Ra2+ 43. Ke1 Ra1+ 44. Kd2 Ra2+ 45. Kd1 {Accuracy: White = 68%, Black = 76%.} 1/2-1/2

[Event "2nd Goa GM Open 2019"]
[Site "Goa"]
[Date "2019.06.21"]
[Round "5.7"]
[White "Pantsulaia, Levan"]
[Black "Gusain, Himal"]
[Result "1/2-1/2"]
[WhiteElo "2614"]
[BlackElo "2404"]
[Annotator "TA"]
[PlyCount "89"]
[EventDate "2019.06.17"]
[EventType "swiss"]
[EventCountry "IND"]
[SourceTitle "playchess.com"]
[Source "ChessBase"]
[SourceQuality "1"]

{[%evp 9,89,13,20,23,18,3,1,-27,-20,-2,-13,-31,14,17,77,70,85,75,81,89,95,91,86,76,125,31,55,45,125,115,299,300,300,283,304,306,292,129,123,117,112,111,118,110,111,111,208,149,149,156,237,153,192,167,157,48,76,48,48,48,48,48,48,48,48,48,48,37,37,37,48,29,31,0,0,0,0,0,0,0,0,0]} 1. g3 d5 2. Nf3 Nf6 3. Bg2 c6 4. c4 dxc4 5. O-O b5 (5... Nbd7 6. Na3 Nb6 7. Qc2 g6 8. Nxc4 Nxc4 9. Qxc4 Bg7 10. d3 O-O 11. Bd2 Nd5 12. Qc1 a5 13. Bh6 Bg4 14. Bxg7 Kxg7 15. Ne5 {½-½ (40) Aronian,L (2794)-Vitiugov,N (2735) Karlsruhe/Baden-Baden 2018}) 6. a4 {Threatens to win with axb5. A11: English Opening: 1...c6} Bb7 7. b3 b4 8. Ne5 cxb3 $1 (8... Qd4 9. Nxc4 Qxa1 10. Bb2) 9. Qxb3 {[%csl Ge5][%cal Rb3f7]} e6 10. a5 $146 ({Predecessor:} 10. Bb2 Be7 11. a5 Nd5 12. Rc1 O-O 13. d4 {1-0 (41) Carlstedt,J (2440)-Sandipan,C (2574) Germany 2016}) 10... Qc7 11. d4 c5 (11... Bd6 $11) 12. Qa4+ $1 $16 Nbd7 {[#]} 13. Nxd7 $1 Nxd7 14. Bf4 Qc8 15. Bxb7 Qxb7 {[#]} 16. a6 $1 $36 {[%cal Ra6b7][%mdl 2048] Keeping Black busy.} Qb6 17. Nd2 (17. dxc5 $16 Bxc5 18. Nd2) 17... Rc8 $1 $14 18. dxc5 Bxc5 ({Better is} 18... Qc6 $1 $14) 19. Ne4 $16 {And now Rfd1 would win.} Qc6 $2 (19... Ke7 $16) 20. Nxc5 $18 Nxc5 21. Qxb4 O-O 22. Rfc1 Qd5 23. Qb5 (23. Rc3 $18 {is more deadly.}) 23... Nb3 $16 24. Qxd5 exd5 25. Rxc8 Rxc8 {[%mdl 4096] Endgame KRB-KRN} 26. Rb1 Nd4 27. Kf1 Ne6 (27... h6 $16 {was necessary.} 28. Rb7 Nc6) 28. Rb7 Nxf4 29. gxf4 {KR-KR} Rc1+ 30. Kg2 {Intending Rb8+ and mate.} g6 31. Rxa7 Ra1 32. f5 (32. Ra8+ $16 Kg7 33. Kg3) 32... gxf5 $14 33. Kf3 d4 $1 34. Kf4 Ra5 35. Ra8+ Kg7 36. Kg5 Ra2 37. a7 Ra5 38. h4 h6+ $1 39. Kf4 Kf6 40. h5 Ra4 41. Rd8 Rxa7 {The position is equal.} 42. Rd5 Ra2 43. Rxf5+ Kg7 44. Kf3 Rd2 45. Ke4 {Accuracy: White = 50%, Black = 64%.} 1/2-1/2

[Event "2nd Goa GM Open 2019"]
[Site "Goa"]
[Date "2019.06.21"]
[Round "5.8"]
[White "Manik, Mikulas"]
[Black "Gupta, Abhijeet"]
[Result "0-1"]
[WhiteElo "2399"]
[BlackElo "2606"]
[Annotator "RC"]
[PlyCount "54"]
[EventDate "2019.06.17"]
[EventType "swiss"]
[EventCountry "IND"]
[SourceTitle "playchess.com"]
[Source "ChessBase"]
[SourceQuality "1"]
[TimeControl "5400+30"]

1. e4 {[%emt 0:00:00]} e6 {[%emt 0:00:01]} 2. d4 {[%emt 0:00:00]} d5 {[%emt 0:00:04]} 3. Nc3 {[%emt 0:00:00]} Nf6 {[%emt 0:00:03]} 4. e5 {[%emt 0:00:00]} Nfd7 {[%emt 0:00:04]} 5. f4 {[%emt 0:00:00]} c5 {[%emt 0:00:02]} 6. Nf3 {[%emt 0:00:00]} Nc6 {[%emt 0:00:04]} 7. Be3 {[%emt 0:00:04]} Be7 {[%emt 0:00:02]} 8. Qd2 {[%emt 0:04:11]} O-O {[%emt 0:00:23]} 9. dxc5 {[%emt 0:03:15]} Qa5 {[%emt 0:00:27]} 10. O-O-O {[%emt 0:05:03]} b6 {[%emt 0:01:03]} 11. Bb5 {[%emt 0:09:53]} Nb4 {[%emt 0:00:20]} 12. a3 {[%emt 0:04:07]} bxc5 {[%emt 0:00:09]} 13. Bxd7 {[%emt 0:04:58]} Bxd7 {[%emt 0:00:17]} 14. axb4 {[%emt 0:01:06]} cxb4 {[%emt 0:00:04]} 15. Nb1 {[%emt 0:00:14]} Rfc8 {[%emt 0:00:05]} 16. Nd4 {[%emt 0:00:51]} Qa2 {[%emt 0:01:28]} 17. Qd3 {[%emt 0:03:24]} a5 {[%emt 0:00:05]} 18. b3 {[%emt 0:21:45]} Rc3 {[%emt 0:04:33]} 19. Qe2 {[%emt 0:07:51]} a4 {[%emt 0:03:43]} 20. bxa4 {[%emt 0:05:10]} Rac8 {[%emt 0:05:39]} 21. Rd3 {[%emt 0:01:11]} R3c4 {[%emt 0:16:08]} 22. c3 {[%emt 0:06:19]} Qxa4 {[%emt 0:01:29]} 23. Nc2 {[%emt 0:09:19]} Bb5 {[%emt 0:06:39]} 24. Qd2 {[%emt 0:04:18]} R4c7 {[%emt 0:00:17]} 25. Bd4 {[%emt 0:04:44]} b3 {[%emt 0:03:32]} 26. Ne3 {[%emt 0:01:24]} b2+ {[%emt 0:00:05]} 27. Kxb2 {[%emt 0:00:06]} Rb7 {[%emt 0:01:30]} 0-1